000 00646nam a22001937a 4500
003 OSt
005 20251124153027.0
008 251124b |||||||| |||| 00| 0 eng d
020 _a971-08-6051-8.
040 _aDWCL-Main lib.
_cOC
082 _aFil. 370 T917p 2000
100 _aTulio, Doris D.
245 _aPsychological, anthropological, sociological foundations of education book /
_cDoris D. Tulio
260 _aMandaluyong City :
_b National Book Store,
_c c2000.
300 _axiv, 189 p.
_b: ill. ;
_c22 cm.
504 _aIncludes bibliographical references and index.
650 _aEducation.
942 _2ddc
_cBK - FIL
_hFil.
_n0
999 _c6122
_d6122